| 000 | 00438nam a2200145Ia 4500 | ||
|---|---|---|---|
| 008 | 230917s9999||||xx |||||||||||||| ||und|| | ||
| 040 |
_e196615 _aMAIN |
||
| 041 | _aEnglish | ||
| 082 | _a823.7 D555M:G | ||
| 100 | _aMartin, Graham | ||
| 245 | 0 | _aGreat expectations: Arts:A third level course:The nineteenth-century novel and its legacy. Unit 7 | |
| 260 |
_aMilton Keynes _bOpen University Press _c1973 |
||
| 300 | _a46 p. | ||
| 942 | _cBK | ||
| 999 |
_c191556 _d191556 |
||